Morangos com Açúcar T7 - Statistics

Estatísticas Gerais
  • Esse quiz foi jogado 162 vezes
  • A pontuação média é 6 de 15
Estatísticas das Respostas
Hint Resposta % Correto
Quem são os protagonistas? Rui e Margarida
99%
Para onde são as bolsas de estudo? Londres
70%
De que escola vêm a Margarida? Colégio de freiras
66%
Qual a personagem que regressa a série como professor? Zé Milho
65%
No início do ano pensavam que o Alex é o quê? Vampiro
63%
Qual o ídolo do Fábio? Tom Cruise
54%
Qual o novo grupo que aparece no verão? GTC
45%
Como se chama o bar onde se encontram? Chiclete
42%
Quem é a professora de interpretação? Célia
33%
De que bairro vem alguns alunos da escola? Alecrim
30%
Qual a doente do professor Ricardo? Epilepsia
28%
O que significam as siglas desse grupo? Grupo de Teatro de Choque
20%
De que país é a Paula? Croácia
17%
Qual a vertente da escola De.Sebastião? Teatro Musical
16%
Como se chama a casa da Papoila? Papoit residance
2%
Nenhum quiz correspondente encontrado
Distribuição das Pontuações
Porcentagem de Pessoas com Cada Pontuação
Percentil de Números Respondidos
Sua Pontuação Histórica
Você não jogou esse quiz